Statistics for Video Game Characters

Click here to take the quiz!

General Stats

  • This quiz has been taken 31 times
  • The average score is 14 of 28

Answer Stats

CharacterFranchise% Correct
SonicSonic the Hedgehog
93%
MarioSuper Mario Bros
93%
Doom GuyDoom
86%
KratosGod of War
82%
LinkThe Legend of Zelda
82%
Master ChiefHalo
79%
Solid SnakeMetal Gear Solid
71%
Samus AranMetroid
68%
RyuStreet Fighter
64%
Hollow KnightHollow Knight
61%
Leon KennedyResident Evil
61%
EllieThe Last of Us
61%
Cloud StrifeFinal Fantasy
57%
MugmanCuphead
46%
Franklin ClintonGrand Theft Auto
46%
Gearal of RiviaThe Witcher
46%
Ghost RileyCall of Duty
39%
Simon BelmontCastlevania
36%
Captain FalconF-Zero
32%
Commander ShepardMass Effect
32%
Johnny SilverhandCyberpunk 2077
25%
AloyHorizon
25%
JokerPersona 5
25%
Kazuma KiryuYakuza
21%
HeroDragon Quest
18%
2BNieR
18%
B.J. BlazkowiczWolfenstein
18%
James SunderlandSilent Hill
7%

Score Distribution

Percentile by Number Answered

Percent of People with Each Score

Your Score History

You have not taken this quiz